Online
Catalog

El arte de la investigación científica / (Record no. 1300)

MARC details
000 -CABECERA
campo de control de longitud fija 00957nam a2200253 a 4500
001 - NÚMERO DE CONTROL
campo de control 000001376
005 - FECHA Y HORA DE LA ÚLTIMA TRANSACCIÓN
campo de control 20250311111111.0
008 - DATOS DE LONGITUD FIJA--INFORMACIÓN GENERAL
campo de control de longitud fija 040811s1966 ve b 001 0 spa
020 ## - NÚMERO INTERNACIONAL ESTÁNDAR DEL LIBRO
Número Internacional Estándar del Libro 1932846050
040 ## - FUENTE DE LA CATALOGACIÓN
Centro catalogador/agencia de origen DO-SdBNP
Lengua de catalogación spa
Centro/agencia transcriptor BNPHU
041 17 - CÓDIGO DE LENGUA
Código de lengua del texto/banda sonora o título independiente spa
Código de lengua original eng
082 ## - NÚMERO DE LA CLASIFICACIÓN DECIMAL DEWEY
Número de clasificación 001.4
Número de documento/Ítem B571a
100 1# - ENTRADA PRINCIPAL--NOMBRE DE PERSONA
Nombre de persona Beveridge, W. I. B.
Forma completa/desarrollada del nombre (William Ian Beardmore),
Fechas asociadas al nombre 1908-
9 (RLIN) 4606
240 13 - TÍTULO UNIFORME
Título uniforme The art of scientific investigation.
Lenguaje de la obra español
245 14 - MENCIÓN DE TÍTULO
Título El arte de la investigación científica /
Mención de responsabilidad, etc. by W.I.B. Beveridge; traducción Oswaldo Grillo.
260 ## - PUBLICACIÓN, DISTRIBUCIÓN, ETC.
Lugar de publicación, distribución, etc. Caracas :
Nombre del editor, distribuidor, etc. Universidad Central de Venezuela ,
Fecha de publicación, distribución, etc. 1966.
300 ## - DESCRIPCIÓN FÍSICA
Extensión 269 p. ;
Dimensiones 16 cm.
500 ## - NOTA GENERAL
Nota general Originally published: Rev. ed. New York : W.W. Norton, c1957.
534 ## - NOTA SOBRE LA VERSIÓN ORIGINAL
Encabezamiento principal del original Título original :
Mención de título del original The art of scientific investigation
504 ## - NOTA DE BIBLIOGRAFÍA, ETC.
Nota de bibliografía, etc. Incluye índice e índice analítico
650 #0 - PUNTO DE ACCESO ADICIONAL DE MATERIA--TÉRMINO DE MATERIA
Término de materia o nombre geográfico como elemento de entrada Investigación
9 (RLIN) 2
650 #4 - PUNTO DE ACCESO ADICIONAL DE MATERIA--TÉRMINO DE MATERIA
Término de materia o nombre geográfico como elemento de entrada Metodología
Subdivisión general Investigación
9 (RLIN) 4607
700 1# - PUNTO DE ACCESO ADICIONAL--NOMBRE DE PERSONA
Nombre de persona Grillo, Oswaldo
Término indicativo de función/relación tr.
9 (RLIN) 4608
Holdings
Estado de retiro Estado de pérdida Restricciones de uso No para préstamo Código de colección Localización permanente Ubicación/localización actual Ubicación en estantería Fecha de adquisición Número de inventario Total de préstamos Signatura topográfica completa Código de barras Fecha visto por última vez Precio válido a partir de Tipo de ítem Koha
    Préstamo interno   Monografías: Libros y Folletos General General En catalogación 24.07.2009 LF1   001.4 B571a 1376-10 25.06.2020 25.06.2020 Préstamo interno

Powered by Koha